| 000 | 00725 a2200229 4500 | ||
|---|---|---|---|
| 020 | _a0007120990 | ||
| 040 |
_aDLC _bDLC |
||
| 082 | 0 | 4 | _a823.912 |
| 100 | 1 | _aChristie, Agatha, | |
| 245 | 1 | 0 |
_aHickory dickory dock _cChristie, Agatha |
| 260 |
_aLondon : _bHarperCollins, _c2002. |
||
| 300 |
_a304 p. ; _c18 cm. |
||
| 490 | 1 |
_aThe Agatha Christie collection. Poirot ; _v30 |
|
| 490 | 1 | _aAgatha Christie signature edition | |
| 500 | _aOriginally published: London : Collins, 1955. | ||
| 650 | 0 | _aTheft | |
| 650 | 0 |
_aMurder _xInvestigation _zEngland |
|
| 650 | 0 |
_aPrivate investigators _zEngland |
|
| 650 | 0 | _aPoirot, Hercule (Fictitious character) | |
| 800 | 1 |
_aChristie, Agatha, _d1890-1976. |
|
| 942 |
_cBK _k823.912 CHR _2ddc |
||
| 999 |
_c4899 _d4899 |
||